Gilmore Girls Random Trivia Part 2 - Statistics

General Stats
  • This quiz has been taken 2,850 times
    2,747 since last reset
  • The average score is 13 of 15
Answer Stats
Question Answer % Correct
What school does Rory end up going to, instead of Harvard University? Yale
99%
What is Luke's sisters' name? Liz
98%
What play does Tristan not show up to because he was kicked out of Chilton? Romeo and Juliet
95%
What is Richard's mother, Lorelai the 1st's nickname? Trix
93%
What was Luke's daughter, April wearing the day she came into the diner? Over-protective bike helmet
89%
What does Rory steal from Doose's Market after being kissed by Dean? REMEMBER TO TAKE THE NEXT LEVEL QUIZ Corn Starch
88%
What happens on the cruise Luke takes his almost fiancé on? Luke proposes, then they get divorced
88%
What city in France do Lorelai and Christopher visit while Gigi see's her mother? Paris
87%
What temporary habit does Logan Huntzberger's mother often pick up? Stress Smoking
87%
What is special about Luke's daughter, April? Science genius
84%
What phrase does Lorelai come up with that she finds very weird? Oy with the poodles already
80%
What president does Lorelai say she "hates" in attempt to lighten the mood while Christopher's parents are visiting? President Bush
79%
What makes Emily's husband, Richard go into a drought for many days? The loss of his mother
69%
What phrase does Lorelai often repeat once her and Luke get engaged? It's not gonna happen
66%
What is the name of the second business Taylor Doose runs? Ice Cream Shoppe
59%
No matching quizzes found
Score Distribution
Percent of People with Each Score
Percentile by Number Answered
Your Score History
You have not taken this quiz since the last reset